• 首页
  • 本馆介绍
  • 公告通知
  • 最新文献
  • 馆藏检索
  • 电子资源
  • 读者导购
  • 参考咨询
  • 我的图书馆
  • 登录
  • 详细信息显示
  • 放入我的书架
  • 预约/预借图书
  • 作者相关作品
  • 分类相关作品
  • 丛书相关作品
  • 出版社相关作品

书目信息

  • 表格格式
  • 工作单格式
  • 卡片格式
题名:
中国城市文化消费报告
    
 
作者: 王斌 著
分册:  
出版信息: 北京   社会科学文献出版社  2010.5
页数: 352页
开本: 24cm
丛书名: 文化消费系列丛书
单 册:
中图分类: F126.1
科图分类:
主题词: 城市--文化产品--消费--研究报告--中国 , 城市--文化产品--消费--研究报告--北京市 , 城市 , 文化产品
电子资源:
ISBN: 978-7-5097-1447-8
000 00976oam2 2200289 45
001 515
005 20120531154021.73
010    @a978-7-5097-1447-8@dCNY59.00
100    @a20120328d2010 em y0chiy0110 ea
101 0  @achi
102    @aCN@b110000
105    @aak z 000yy
106    @ar
200 1  @a中国城市文化消费报告@AZhong Guo Cheng Shi Wen Hua Xiao Fei Bao Gao@f王斌著@FWang Bin Zhu
210    @a北京@c社会科学文献出版社@d2010.5
215    @a352页@c图@d24cm
225 2  @a文化消费系列丛书
330    @a本书内容包括:北京文化消费调查概述、宏观视野:北京市文化产业发展现状、全景观察:北京城市居民文化消费需求、信息制胜:北京文化信息传播与获取等。
461  0 @12001 @a文化消费系列丛书
606 0  @a城市@x文化产品@x消费@x研究报告@y中国
606 0  @a城市@x文化产品@x消费@x研究报告@y北京市
606 0  @a城市
606 0  @a文化产品
690    @aF126.1@v4
701  0 @a王斌@AWang Bin@4著
801  0 @aCN@bTSTCL@c20120328
905    @b0814084-90@dF126.1@e156@f7
    
    中国城市文化消费报告/王斌著.-北京:社会科学文献出版社,2010.5
    352页:图;24cm.-(文化消费系列丛书)
    
    
    ISBN 978-7-5097-1447-8:CNY59.00
    本书内容包括:北京文化消费调查概述、宏观视野:北京市文化产业发展现状、全景观察:北京城市居民文化消费需求、信息制胜:北京文化信息传播与获取等。
●
相关链接 在E读中查询图书 在五车中查询图书 在当当中查询图书 在豆瓣中查询图书


正题名:中国城市文化消费报告     索取号:F126.1/156         预约/预借

序号 登录号 条形码 馆藏地/架位号 状态 备注
1 0814084   208140849   第一样本阅览室/ [索取号:F126.1/156] 在馆    
2 0814085   208140858   第一借阅区/ [索取号:F126.1/156] 在馆    
3 0814086   208140867   第一借阅区/ [索取号:F126.1/156] 在馆    
4 0814087   208140876   第一借阅区/ [索取号:F126.1/156] 在馆    
5 0814088   208140885   第一借阅区/ [索取号:F126.1/156] 在馆    
6 0814089   208140894   第一借阅区/ [索取号:F126.1/156] 在馆    
7 0814090   208140901   第一借阅区/ [索取号:F126.1/156] 在馆    
唐山师范学院图书馆 欢迎您!
大连网信软件有限公司© 版权所有